| 000 | 00972pam a2200301 a 4500 | ||
|---|---|---|---|
| 999 |
_c17139 _d17139 |
||
| 001 | 617732 | ||
| 003 | OSt | ||
| 005 | 20161122103442.0 | ||
| 008 | 921014s1993 maua b 001 0 eng c | ||
| 010 | _a 92048808 | ||
| 020 | _a0865422974 (set) | ||
| 040 |
_aDNLM/DLC _cDLC _dDLC |
||
| 050 | 0 | 0 |
_aRC582 _b.C52 1993 |
| 060 | _aWD 300 C641 | ||
| 082 | 0 | 0 |
_a616.07/9 _220 |
| 245 | 0 | 0 |
_aClinical aspects of immunology / _cedited by P.J. Lachmann ... [et al.]. |
| 250 | _a5th ed. | ||
| 260 |
_aBoston : _bBlackwell Scientific Publications, _cc1993. |
||
| 300 |
_a3 v. (xvii, 2176 p.): _bill. ; _c29 cm. |
||
| 504 | _aIncludes bibliographical references and index. | ||
| 650 | 0 | _aClinical immunology. | |
| 650 | 0 | _aImmunology. | |
| 650 | 2 | _aHypersensitivity. | |
| 650 | 2 | _aImmunity. | |
| 700 | 1 |
_aLachmann, P. J. _q(Peter Julius) |
|
| 906 |
_a7 _bcbc _corignew _d1 _eocip _f19 _gy-gencatlg |
||
| 942 |
_2lcc _cBOOKS _hRC 582 .C52 1993 |
||